Derecho local especial / autores: Ángel Ballesteros Fernández ... [et al.] ; coordinadores: Ángel Ballesteros Fernández, Fernando Castro Abella Ángel Ballesteros Fernández ... [et al.] ; coordinadores:
ISBN:
84-7052-272-8
Descripción Física:
v p. ; 24 cm
Colección:
Publicaciones abella
MARC
| LEADER | 00000nam a2200000Ia 4500 | ||
|---|---|---|---|
| 001 | 20044 | ||
| 008 | 160829s1997 xx 000 0 cat d | ||
| 020 | |a 84-7052-272-8 (o.c.), 84-7052-273-6 (v.1) | ||
| 080 | |a D-3-195 | ||
| 245 | |a Derecho local especial / autores: |b Ángel Ballesteros Fernández ... [et al.] ; coordinadores: |b Ángel Ballesteros Fernández, Fernando Castro Abella | ||
| 260 | |a Madrid : |b El Consultor de los Ayuntamientos y de los Juzgados, |c 1997 | ||
| 300 | |a v p. ; |c 24 cm | ||
| 490 | |a Publicaciones abella | ||
| 650 | 0 | |a Administració local |x Dret i legislació |z Espanya |9 11255 | |
| 700 | |a Ballesteros Fernández, Ángel |e coordinador |9 31613 | ||
| 700 | |a Castro Abella, Fernando |e coordinador | ||
| 710 | 2 | |9 55140 |a Consultor de los Ayuntamiento y de los Juzgados |e entitat editora | |
| 866 | |a 1 | ||
| 901 | |a Arxiu | ||
| 942 | |n 1 |2 udc | ||
| 952 | |0 2 |1 0 |2 udc |4 0 |5 2 |6 D3195 |7 1 |9 52402 |a Arxiu |b Arxiu |d 2016-12-01 |l 0 |o D-3-195 |p 20044 |r 2016-12-01 00:00:00 |w 2016-12-01 |y ARXIU | ||
| 999 | |c 56250 |d 56250 | ||